000 00406nam a2200169Ia 4500
008 230524s9999 xx 000 0 und d
082 _a510.15
_bBIR
100 _aGarrett Birkhoff
245 0 _aModern Applied Algebra
250 _a1ST
260 _aNEW DELHI
_bCBS
_c1984
300 _aXII;431
500 _aQuantity Number: 18
650 _aMathematics
700 _a Thomas C.Bartee
942 _cBK
999 _c17060
_d17060